Building in hot climates : a selection of Overseas building notes /

Saved in:
Bibliographic Details
Corporate Author: Building Research Establishment. Overseas Division
Format: Book
Language:English
Published: London : Dept. of the Environment, Building Research Establishment, 1980.
Subjects:
LEADER 01185cam a2200277 a 4500
001 c000299656
003 CARM
005 20090603182628.0
008 950911s1980 enka b f001 0 eng
019 1 |a 21849891  |z 2181434  |z 54019898  |z 57403564  |5 LACONCORD2021 
020 |a 0116707593 :  |c £35.00 
035 |a (OCoLC)8195789  |5 LACONCORD2021 
040 |a LC  |b eng  |c LC  |d LC 
043 |a w------ 
050 0 0 |a TH153  |b .B824 1980 
082 0 0 |a 690/.0913  |2 19 
245 0 0 |a Building in hot climates :  |b a selection of Overseas building notes /  |c prepared by the Overseas Division of the Building Research Establishment, United Kingdom. 
260 |a London :  |b Dept. of the Environment, Building Research Establishment,  |c 1980. 
300 |a iv, 520 p. :  |b ill. ;  |c 30 cm. 
504 |a Includes bibliographies and index. 
650 0 |a Building  |z Tropics. 
710 2 |a Building Research Establishment.  |b Overseas Division 
730 0 |a Overseas building notes 
852 8 |b CARM  |h A3:AF25E0  |i F06727  |p 0542380  |f BK 
999 f f |i 3f9c86cc-c7bf-58ec-9ba4-79ce5987f7fd  |s 6b340eaf-a53c-5980-9891-c4d04ba8ab98 
952 f f |p Can circulate  |a CAVAL  |b CAVAL  |c CAVAL  |d CARM 1 Store  |e F06727  |f A3:AF25E0  |h Other scheme  |i book  |m 0542380